MDQL
is popping MORE tags! Check the
thread
!
Quizzes
Events
Quiz Creation
Community
Videos
Private Events
Remove Ads
Sign In
Join for FREE
Feedback
Dark Mode
Quiz Categories
Sports
Geography
Music
Movies
Television
Just For Fun
Miscellaneous
History
Literature
Language
Science
Gaming
Entertainment
Religion
Holiday
For Kids
Quiz Lab
Recent
Popular Today
Quiz Kudos Today
Editor Picks
Curator Picks
Quizzes by...
Day
Popularity
Type
Ratings
Length
Year
Community
Subscriptions
Recent Discussions
Orange Saloon
Badges
Playlists
Quests
Create
Leaderboards
Showdown
Live 5
Trivia Bingo
Activity
Puzzle Library
Sporcle Events
Private Events
Virtual Trivia
Globe League
Become a Host
Pub Owners
SporcleCon
Opinionation
Our Games
Videos
Blog
Mobile Apps
Partnerships
Remove Ads and Go Orange
Feedback
Sports
Athletes
MLB
NBA
NHL
NFL
Soccer
Sports Teams
WWE
NCAA
Football
Premier League
Basketball
Baseball
Hockey
Golf
Tennis
Cricket
Rugby
Auto Racing
Olympics
World Cup
Sports
Athletes
MLB
NBA
NHL
NFL
Soccer
Sports Teams
WWE
NCAA
Football
Premier League
Basketball
Baseball
Hockey
Golf
Tennis
Cricket
Rugby
Auto Racing
Olympics
World Cup
Random Quiz
Search Sporcle
×
Quiz Lab
Quiz Lab
Sports
Active
Type in answers that appear in a list
Type in answers that appear in a list
Classic
Best Score? Go Orange.
Athletes who died Stats
Can you name the Athletes who died while still active?
By
bskraus
8m
20 Questions
43 Plays
43 Plays
43 Plays
Comments
Comments
Give Quiz Kudos
Give Quiz Kudos
-
- Ratings
hide this ad
More Info
Replay
Link that replays current quiz
Next Quiz
Link to next quiz in quiz playlist
You Got
0%
They Got
Avg Score
36%
Avg Friend Score
Upgrade to see
Score Distribution
Jump to the score distribution portion of the page
Score
0/20
Timer
08:00
0
Plays Today
Hint
Answer
% Correct
September 25, 2016 (Baseball)
Jose Fernandez
72.1%
August 2, 1979 (Baseball)
Thurman Munson
67.4%
December 31, 1972 (Baseball)
Roberto Clemente
62.8%
January 22, 2017 (Baseball)
Yordano Ventura
53.5%
August 17, 1920 (Baseball)
Ray Chapman
44.2%
June 19, 1986 (Basketball)
Len Bias
39.5%
September 23, 1978 (Baseball)
Lyman Bostock
37.2%
October 25, 1999 (Golf)
Payne Stewart
37.2%
July 27, 1993 (Basketball)
Reggis Lewis
37.2%
March 23, 1993 (Baseball)
Tim Crews
34.9%
Hint
Answer
% Correct
September 7, 2011 (Hockey)
Pavol Demitra
34.9%
February 18, 2001 (Auto Racing)
Dale Earnhardt
32.6%
March 23, 1993 (Baseball)
Steve Olin
30.2%
June 22, 2002 (Baseball)
Darryl Kile
30.2%
October 11, 2006 (Baseball)
Cory Lidle
30.2%
June 7, 1993 (Basketball)
Drazen Petrovic
25.6%
November 27, 2007 (Football)
Sean Taylor
16.3%
June 16, 1970 (Football)
Brian Piccolo
16.3%
January 15, 1968 (Hockey)
Bill Masterson
16.3%
November 11, 1985 (Hockey)
Pelle Lindbergh
7%
Quiz Playlist
Details
Report
Send in Message
Add To Playlist
More Info:
This quiz does not include college or minor leaguers
Classic:
Type in answers that appear in a list
Last Updated: Feb 16, 2017
Quiz Scoreboard
CHALLENGE
Sign Up to Join the Scoreboard
Show All
Scores
Hide
Comments
May contain spoilers
Recently Published
Two Season TV Shows II
by 123Four
Television
10m
Image Sorting: Flags VI
by Barbecue
Geography
2m
Find the 'City' Movie
by crazypaving
Movies
60s
More to Explore
Quiz From the Vault
Featured Blog Post
14 Easter Pick-up Lines to Find Eggs With
hide this ad
You Might Also Like...
Tags
Active
Today's Top Quizzes in Sports
Browse Sports
hide this ad
Today's Top Quizzes in Active
Browse Active
Top Contributed Quizzes in Sports
1
Les meilleurs buteurs des matchs entre le PSG et l’OM
2
Les entraîneurs de l'OM et du PSG au 21e siècle
3
2022 World Cup Stars
4
Les joueurs passés par le PSG et l'OM
5
Players with Multiple 50 Home Run Seasons
6
FIFA Club World Cup Champions
7
Criteria MLB: Left Handed Sluggers
8
Les joueurs passés par le LOSC et le RC Lens
9
Top 10 NHL Goal Scorers of All Time
10
NBA Logic Puzzle 2.0
Explore More
Trending Topics
Crossword
Disney
Harry Potter
Kpop
Anime
Marvel
NBA
The Office
Pokémon
Puzzle
NFL
Country
Soccer
Song
WWE
hide this ad
More By:
bskraus
Quiz
Plays
Rating
Category
Featured
Created
Famous MLB Games Mine-Ups
270
Sports
Sep 1, 2016
Athletes who died
43
3.00
Sports
Feb 11, 2017
State Profile: Massachusetts
43
3.50
Geography
Mar 24, 2017
State Profile: New Hampshire
39
3.33
Geography
Feb 17, 2017
Name a New England State...
39
3.00
Geography
Feb 16, 2017
Go to Creator's Profile
Score Distribution
Quiz Creator Spotlight
bskraus
Follow
Send a Message
Quizzes Created
-
Created Quiz Play Count
-
More By This Creator
Popular Quizzes Today
1
Find the US States - No Outlines Minefield
2
Colored Red Africa Blitz
3
Find the 'City' Movie
4
5x2 Blitz: Bands
5
The Countries of the World
6
Find the Countries of Europe - No Outlines Minefield
7
Find the US States
8
US States
More Sports Quizzes
Footballer First Names - M
Quiz Lab
Trending Quizzes
Colored Red Europe Blitz I
Colored Red Africa Blitz II
Colored Red Europe Blitz II
Even More Two Season TV Shows
Colored Red Africa Blitz III
Recently Updated
March Madness Men's Triple Doubles
pecheneg
How Do You Spell That?
pecheneg
Godzilla Movies
pecheneg
Grab Bag: 4-10 Letters
pecheneg
2024 March Madness Bracket
pecheneg
Famous TV Couples
Peacemaker
Champions League XIs: Real Madrid
pecheneg
Largest US Cities 1790-2010
pecheneg
Rides in Walt Disney World
pecheneg
Most Oscar Losses (Acting)
pecheneg
Trending Topics
Marvel
Anime
Disney
NBA
Harry Potter
Kpop
Crossword
The Office
WWE
Soccer
Country
Song
Puzzle
Pokémon
NFL
Your Account Isn't Verified!
In order to create a playlist on Sporcle, you need to verify the email address you used during registration. Go to your
Sporcle Settings
to finish the process.
Report this User
Report this user for behavior that violates our
Community Guidelines
.
Details:
Send Report
Go to the Sporcle.com Mobile Site →
Comments